The Cat in the Hat comes back! / (Record no. 469)

MARC details
000 -LEADER
fixed length control field 01082cam a2200289 i 4500
005 - DATE AND TIME OF LATEST TRANSACTION
control field 20251204162943.0
020 ## - INTERNATIONAL STANDARD BOOK NUMBER
International Standard Book Number 9784871876964
020 ## - INTERNATIONAL STANDARD BOOK NUMBER
International Standard Book Number 9780394800028
020 ## - INTERNATIONAL STANDARD BOOK NUMBER
International Standard Book Number 4871876969
040 ## - CATALOGING SOURCE
Original cataloging agency EYP
Language of cataloging eng
Transcribing agency EYP
Modifying agency OCLCO
-- DLC
Description conventions rda
Modifying agency DLC
050 00 - LIBRARY OF CONGRESS CALL NUMBER
Classification number PZ8.3.G276
Item number Catv 1986
082 ## - DEWEY DECIMAL CLASSIFICATION NUMBER
Classification number 813.54
100 1# - MAIN ENTRY--PERSONAL NAME
Personal name Geisel, Theodor Seuss
Titles and words associated with a name Dr.,
Relator term author,
-- illustrator.
245 14 - TITLE STATEMENT
Title The Cat in the Hat comes back! /
Statement of responsibility, etc. by Dr. Seuss.
260 ## - PUBLICATION, DISTRIBUTION, ETC.
Name of publisher, distributor, etc. Random House
300 ## - PHYSICAL DESCRIPTION
Extent 61 pages :
Other physical details color illustrations ;
Dimensions 23 cm
505 ## - FORMATTED CONTENTS NOTE
Formatted contents note F
520 ## - SUMMARY, ETC.
Summary, etc. The Cat in the Hat returns for more out-of-control fun. It's a snowy day and Dick and Sally are stuck shoveling until the Cat in the Hat arrives to liven things up. Featuring the Cat's helpers Little Cat A, Little Cat B, and so on, and ending with a gigantic Voom.
521 ## - TARGET AUDIENCE NOTE
Target audience note 450 <br/>
Source Lexile
521 ## - TARGET AUDIENCE NOTE
Target audience note F <br/>
Source Raz-Plus
650 #0 - SUBJECT ADDED ENTRY--TOPICAL TERM
Topical term or geographic name entry element Cats
Form subdivision Juvenile fiction.
650 #0 - SUBJECT ADDED ENTRY--TOPICAL TERM
Topical term or geographic name entry element Alphabet books
Form subdivision Juvenile fiction.
650 #0 - SUBJECT ADDED ENTRY--TOPICAL TERM
Topical term or geographic name entry element Stories in rhyme.
906 ## - LOCAL DATA ELEMENT F, LDF (RLIN)
a 7
b cbc
c copycat
d 2
e ncip
f 20
g y-gencatlg
942 ## - ADDED ENTRY ELEMENTS (KOHA)
Source of classification or shelving scheme Dewey Decimal Classification
Koha item type Books
Suppress in OPAC No
999 ## -
-- 469
-- 469
Holdings
Withdrawn status Lost status Source of classification or shelving scheme Damaged status Not for loan Collection Home library Current library Shelving location Date acquired Total Checkouts Full call number Barcode Date last seen Date last checked out Copy number Price effective from Koha item type
    Dewey Decimal Classification Damaged   Juvenile Fiction Footprints International School Library Network Toul Kork Campus Footprints International School Library Network Toul Kork Campus TK Primary Library Room(4th Floor), Bookcase 7, Shelves 57-60, Dark Green Books 04/25/2023 9 GEI 813.54 PZ8.G276 FISTK00825 02/25/2026 02/11/2026 1 04/25/2023 Books
    Dewey Decimal Classification     Juvenile Fiction Footprints International School Library Network Toul Tom Poung Campus Footprints International School Library Network Toul Tom Poung Campus TTP Primary Green Bookshelves 12/04/2025 2 GEI 813.54 PZ8.G276 FIS03039 03/13/2026 02/27/2026 2 12/04/2025 Books